LEADER 01269nas 2200397- 450 001 9910140265003321 005 20190804011754.5 035 $a(OCoLC)876581231 035 $a(CKB)2670000000556024 035 $a(CONSER)--2014201743 035 $a(EXLCZ)992670000000556024 100 $a20140414a20139999 --- a 101 0 $aeng 135 $aur||||||||||| 181 $ctxt$2rdacontent 182 $cc$2rdamedia 183 $acr$2rdacarrier 200 00$aBreac $ea digital journal of Irish studies 210 1$aNotre Dame, Indiana :$cKeough-Naughton Institute for Irish Studies University of Notre Dame,$d2013- 300 $aRefereed/Peer-reviewed 311 $a2372-2231 517 1 $aBreac reviews 606 $aIrish literature$xHistory and criticism$vPeriodicals 606 $aIrish literature$2fast$3(OCoLC)fst00979030 607 $aIreland$vPeriodicals 607 $aIreland$2fast 608 $aCriticism, interpretation, etc.$2fast 608 $aPeriodicals.$2fast 615 0$aIrish literature$xHistory and criticism 615 7$aIrish literature. 676 $a820.99415 712 02$aKeough-Naughton Institute for Irish Studies. 906 $aJOURNAL 912 $a9910140265003321 996 $aBreac$92113003 997 $aUNINA LEADER 03027nam 2200721Ia 450 001 9910971434803321 005 20251116152715.0 010 $a1-136-56077-7 010 $a1-136-56078-5 010 $a1-280-47510-2 010 $a9786610475100 010 $a1-84977-204-5 010 $a600-00-0061-8 010 $a1-4175-8316-9 024 7 $a10.4324/9781849772044 035 $a(CKB)1000000000242752 035 $a(EBL)429959 035 $a(OCoLC)466434271 035 $a(SSID)ssj0000206889 035 $a(PQKBManifestationID)11184831 035 $a(PQKBTitleCode)TC0000206889 035 $a(PQKBWorkID)10235516 035 $a(PQKB)10569789 035 $a(OCoLC)647502167 035 $a(MiAaPQ)EBC429959 035 $a(Au-PeEL)EBL429959 035 $a(CaPaEBR)ebr10128956 035 $a(CaONFJC)MIL47510 035 $a(OCoLC)58531145 035 $a(EXLCZ)991000000000242752 100 $a20040603d2004 uy 0 101 0 $aeng 135 $aur|n|---||||| 181 $ctxt 182 $cc 183 $acr 200 10$aMunicipalities and finance $ea sourcebook for capacity building /$fIan Blore, Nick Devas, Richard Slater 205 $a1st ed. 210 $aLondon ;$aSterling, VA $cEarthscan$d2004 215 $a1 online resource (190 p.) 225 1 $aMunicipal capacity building series 300 $aDescription based upon print version of record. 311 08$a1-138-37386-9 311 08$a1-84407-140-5 320 $aIncludes bibliographical references (p. 173-174) and index. 327 $aIntroduction : a strategic framework for municipal capacity building in finance -- Diagnosing current capacity -- Focusing financial goals -- Enhancing tax revenues -- Exploiting charges -- Towards better budgeting -- Controlling costs -- Accounting reform -- Finance for investment -- Framework for action. 330 $aFinance is a critical issue for municipal governments around the world, and a major constraint on the delivery of pro-poor services at the local level. In many countries, decentralisation has brought the issue of municipal finance to the fore. This sourcebook provides a framework for analysing municipal finance capacity and ways of addressing financial constraints.The ideas come from real-life innovative practice in four countries - India, Brazil, Kenya and Uganda - with additional examples from elsewhere. Emphasis is given to how those innovations and improvements were developed and sustained 410 0$aMunicipal capacity building series. 606 $aMunicipal finance$zDeveloping countries 606 $aLocal finance$zDeveloping countries 615 0$aMunicipal finance 615 0$aLocal finance 676 $a352.4/216 700 $aBlore$b Ian$01882301 701 $aDevas$b Nick$0251834 701 $aSlater$b R. P$01882302 801 0$bMiAaPQ 801 1$bMiAaPQ 801 2$bMiAaPQ 906 $aBOOK 912 $a9910971434803321 996 $aMunicipalities and finance$94497448 997 $aUNINA